Textbook of Railway engineering (Record no. 11574)

MARC details
000 -LEADER
fixed length control field 00478nam a2200181Ia 4500
008 - FIXED-LENGTH DATA ELEMENTS--GENERAL INFORMATION
fixed length control field 230917s9999||||xx |||||||||||||| ||und||
020 ## - ISBN
Price RS355
040 ## - CATALOGING SOURCE
-- 217075
Original cataloging agency VIVEKANANDA LIBRARY
041 ## - Language
-- English
082 ## - DDC NUMBER
Classification number 625.1 S98T(7)
100 ## - MAIN ENTRY--PERSONAL NAME
Personal name Saxena, S C
245 #0 - TITLE STATEMENT
Title Textbook of Railway engineering
250 ## - EDITION STATEMENT
Edition statement 7th rep. ed.
260 ## - PUBLICATION, DISTRIBUTION, ETC. (IMPRINT)
Place of publication, distribution, etc New Delhi
Name of publisher, distributor, etc Dhanpat Rai Publications
Date of publication, distribution, etc 2014
300 ## - PHYSICAL DESCRIPTION
Pages v. p.
500 ## - GENERAL NOTE
General note 1563 02/06/2014 14242 19/07/2014 Main Budget
942 ## - ADDED ENTRY ELEMENTS (KOHA)
Koha item type Books
Holdings
Withdrawn status Lost status Damaged status Not for loan Location (home branch) Sublocation or collection (holding branch) Shelving location Date acquired Koha issues (times borrowed) Koha full call number Accession No. Koha date last seen Koha item type
        VIVEKANANDA LIBRARY VIVEKANANDA LIBRARY UIET Library 25/07/2014 4 625.1 S98T(7) 307111 13/10/2025 Books
        VIVEKANANDA LIBRARY VIVEKANANDA LIBRARY UIET Library 25/07/2014 2 625.1 S98T(7) 307112 16/09/2025 Books
        VIVEKANANDA LIBRARY VIVEKANANDA LIBRARY UIET Library 25/07/2014 4 625.1 S98T(7) 307113 09/10/2025 Books
        VIVEKANANDA LIBRARY VIVEKANANDA LIBRARY UIET Library 25/07/2014 4 625.1 S98T(7) 307114 16/09/2025 Books
        VIVEKANANDA LIBRARY VIVEKANANDA LIBRARY UIET Library 25/07/2014 6 625.1 S98T(7) 307115 13/04/2026 Books
© Designed and Maintained by Vivekananda Library, MDU Rohtak